Metódy predikcie zlyhania firiem založené na údajoch kapitálového trhu

Začiatok skúmania využiteľnosti dát kapitálového trhu pri predikcii zlyhania firiem. Beaverov prístup. Komplexnú analýzu údajov kapitálového trhu možno zaznamenať v štúdii autorov Aharony, Jones a Swary. Najpoužívanejší model predikcie je dodnes Mertonov model pravdepodobnosti zlyhania, z ktorého vy...

Descrizione completa

Salvato in:
Dettagli Bibliografici
Autore principale: Faltus, Slavomír
Natura: Capitolo di libro
Lingua:slovacco
Soggetti:
Tags: Aggiungi Tag
Nessun Tag, puoi essere il primo ad aggiungerne!!

MARC

LEADER 00000nla a2200000 4500
001 0183296
005 20240502073132.6
041 0 |a slo 
044 |a SK 
245 1 0 |a Metódy predikcie zlyhania firiem založené na údajoch kapitálového trhu  |c Slavomír Faltus 
520 |a Začiatok skúmania využiteľnosti dát kapitálového trhu pri predikcii zlyhania firiem. Beaverov prístup. Komplexnú analýzu údajov kapitálového trhu možno zaznamenať v štúdii autorov Aharony, Jones a Swary. Najpoužívanejší model predikcie je dodnes Mertonov model pravdepodobnosti zlyhania, z ktorého vychádzajú aj iné. Najnovšiou aktualizáciou využitia trhových ukazovateľov je CHS model vychádzajúci z logistickej regresie. 
610 2 0 |a trh kapitálový 
610 2 0 |a prognózovanie 
610 2 0 |a prognózy 
610 2 0 |a firmy 
610 2 0 |a riziko finančné 
610 2 0 |a výnosy 
100 1 |a Faltus, Slavomír